00447nam a22001577a 450000500170000000800410001704000070005804100120006508200210007710000270009824500380012526000480016330000260021165000250023770000270026220230206150057.0230206b ||||| |||| 00| 0 eng d cAL aEnglish 223a658.15bICFF aIcfai University Press aFinancial Management for Analysts aHyderabadbThe Icfai University Pressc2007 a568 p.bPBc27x21 cm. aFinancial Management aICFAI UNIVERSITY PRESS